书目信息 |
| 题名: |
国际法
|
|
| 作者: | 王铁崖 主编 ;法学教材编辑部审订 | |
| 分册: | ||
| 出版信息: | 北京 法律出版社 1981.07 |
|
| 页数: | ||
| 开本: | ||
| 丛书名: | ||
| 单 册: | ||
| 中图分类: | D99 | |
| 科图分类: | ||
| 主题词: | 国际法 | |
| 电子资源: | ||
| ISBN: | ||
| 000 | 00615nam0 2200217 45 | |
| 001 | 0404221054 | |
| 005 | 20040422100551.6 | |
| 010 | @dCNY2.80 | |
| 091 | @a6004.482 | |
| 100 | @a20040422d1981 km y0chiy0120 ea | |
| 101 | 0 | @achi |
| 105 | @a z 000yy | |
| 200 | 1 | @a国际法@AGuo Ji Fa@f王铁崖主编@FWang Tie Ya Zhu Bian@g法学教材编辑部审订 |
| 210 | @a北京@c法律出版社@d1981.07 | |
| 300 | @a高等学校法学教材 | |
| 606 | 0 | @a国际法 |
| 690 | @aD99@v3 | |
| 701 | 0 | @a王铁崖@4主编 |
| 702 | 0 | @a法学教材编辑部审订@AFa Xue Jiao Cai Bian Ji Bu Shen Ding |
| 801 | @aCN@bTSTCL@c20040422 | |
| 905 | @f2@b77715-716@dD99@e10 | |
| 国际法/王铁崖主编/法学教材编辑部审订.-北京:法律出版社,1981.07 |
| 高等学校法学教材 |
| ISBN :CNY2.80 |
| ● |
| 相关链接 |
|
|
|
|
正题名:国际法
索取号:D99/10
 
预约/预借
| 序号 | 登录号 | 条形码 | 馆藏地/架位号 | 状态 | 备注 |
| 1 | 0077715 | 001258481 | 密集书库/ [索取号:D99/10] | 在馆 | |
| 2 | 0077716 | 001258445 | 密集书库/ [索取号:D99/10] | 在馆 | |
| 3 | 0077717 | 002053119 | 第一样本阅览室/ [索取号:D99/10] | 在馆 |